000 00935nam a2200217Ia 4500
999 _c39537
_d39537
003 GCL
005 20240530103443.0
008 140319s9999 xx 000 0 ara d
040 _aGCL /
_cGCL
082 0 4 _a239
_bش س
100 1 _aالشمس الشامى ، شمس الدين محمد بن يوسف بن على بن يوسف
245 1 0 _aسبل الهدى والرشاد فى سيرة خير العباد الجزء الرابع /
_cالشمس الشامى ، شمس الدين محمد بن يوسف بن على بن يوسف ؛ تحقيق ابراهيم الترزى ، عبدالكريم الغرباوى
300 _a598 ص
490 _aالسيرة النبوية
_v0
650 0 4 _aالاسلام
650 0 4 _aالسيرة النبوية
650 0 4 _aالدين الاسلامى
700 1 _aعبدالكريم الغرباوى
_eمحقق
700 1 _aابراهيم الترزى
_eمحقق
942 _2ddc
_cBK